| 000 | 00940aab a2200193 i 4500 | ||
|---|---|---|---|
| 001 | 768714001 | ||
| 003 | CO-MdFUSB | ||
| 005 | 20240422095037.0 | ||
| 008 | 240415t1982 ag ||||| |||| 00| 0 spa d | ||
| 040 |
_bspa _cCO-MdFUSB |
||
| 041 | _aspa | ||
| 100 | 1 |
_aSaracco, Norberto _eautor |
|
| 245 | 3 |
_aLa carrera armamentista de América Latina _c/ Norberto Saracco |
|
| 300 |
_aVolumen 1, número 2, (julio - septiembre, 1982), páginas: 36 - 37 _c; 27 cm |
||
| 520 | _aMenciona tres aspectos de la guerra de las Malvinas: (1) La guerra es posible en América Latina; (2) los intereses económicos son más fuertes que los pactos militares; (3) los tratados de defensa interamericanos son, en realidad, tratados para defender los intereses de los Estados Unidos. | ||
| 650 | 7 |
_aGuerra civil _92123 |
|
| 773 | 0 |
_tIglesia y Misión _049402 _959626 _gVolumen 1, número 2, (julio - septiembre, 1982), páginas: 36 - 37 _qpágina: 36 |
|
| 942 | _cANA | ||
| 999 |
_c51295 _d51295 |
||